• 首页
  • 本馆介绍
  • 公告通知
  • 最新文献
  • 馆藏检索
  • 电子资源
  • 读者导购
  • 参考咨询
  • 我的图书馆
  • 登录
  • 详细信息显示
  • 放入我的书架
  • 预约/预借图书
  • 作者相关作品
  • 分类相关作品
  • 丛书相关作品
  • 出版社相关作品

书目信息

  • 表格格式
  • 工作单格式
  • 卡片格式
题名:
算法分析导论
    
 
作者: 塞奇威克 , 弗拉若莱 著 ;常青 , 左飞 译
分册:  
出版信息: 北京   电子工业出版社  2018
页数: XVI, 404页
开本: 26cm
丛书名:
单 册:
中图分类: TP301.6
科图分类:
主题词: 算法分析--suan fa fen xi
电子资源:
ISBN: 978-7-121-35368-0
000 01820cam0 2200337 450
001 012001005352
005 20141212165426.0
010    @a978-7-121-35368-0@dCNY128.00
099    @aCAL 012018195615
100    @a20181220d2018 em y0chiy50 ea
101 1  @achi@ceng
102    @aCN@b110000
105    @aa a 000yy
106    @ar
200 1  @a算法分析导论@Asuan fa fen xi dao lun@d= An introduction to the analysis of algorithms@f(美) Robert Sedgewick, (法) Philippe Flajolet著@g常青, 左飞译@zeng
210    @a北京@c电子工业出版社@d2018
215    @aXVI, 404页@c图@d26cm
305    @a据原书第2版译出
306    @a由Pearson Education培生教育出版集团授予出版
314    @a责任者Sedgewick规范汉译姓: 塞奇威克; 责任者Flajolet规范汉译姓: 弗拉若莱
320    @a有书目
330    @a本书全面介绍了算法的数学分析所涉及的主要技术。涵盖的内容来自经典的数学课题(包括离散 数学、初等实分析、组合数学),以及经典的计算机科学课题(包括算法和数据结构)。本书的重点是“平均情况”或“概率性”分析,书中也论述了“最差情况”或“复杂性”分析所需的基本数学工具。本书第1 版为行业代表性著作,第2 版不仅对书中图片和代码进行了更新,还补充了新章节。全书共9 章,第1 章是导论;第2~5 章介绍数学方法;第6~9 章介绍组合结构及其在算法分析中的应用。除每章包含的大量习题以及参考文献外,本书特设配套免费学习网站,为读者提供了很多关于算法分析的补充材料,包括课件和相关网站的链接,帮助读者提高学习兴趣,完成更深入的学习。
500 10 @aIntroduction to the analysis of algorithms@mChinese
606 0  @a算法分析@Asuan fa fen xi
690    @aTP301.6@v5
701  1 @a塞奇威克@ASai Qi Wei Ke@g(Sedgewick, Robert),@f1946-@4著
701  1 @a弗拉若莱@Afu la ruo lai@g(Flajolet, Philippe)@4著
702  0 @a常青@Achang qing@4译
702  0 @a左飞@Azuo fei@4译
801  0 @aCN@b江苏凤凰@c20191020
905    @b1207908-10@dTP301.6@e1045@f3
    
    算法分析导论= An introduction to the analysis of algorithms/(美) Robert Sedgewick, (法) Philippe Flajolet著/常青, 左飞译.-北京:电子工业出版社,2018
    XVI, 404页:图;26cm
    
    
    ISBN 978-7-121-35368-0:CNY128.00
    本书全面介绍了算法的数学分析所涉及的主要技术。涵盖的内容来自经典的数学课题(包括离散 数学、初等实分析、组合数学),以及经典的计算机科学课题(包括算法和数据结构)。本书的重点是“平均情况”或“概率性”分析,书中也论述了“最差情况”或“复杂性”分析所需的基本数学工具。本书第1 版为行业代表性著作,第2 版不仅对书中图片和代码进行了更新,还补充了新章节。全书共9 章,第1 章是导论;第2~5 章介绍数学方法;第6~9 章介绍组合结构及其在算法分析中的应用。除每章包含的大量习题以及参考文献外,本书特设配套免费学习网站,为读者提供了很多关于算法分析的补充材料,包括课件和相关网站的链接,帮助读者提高学习兴趣,完成更深入的学习。
●
相关链接 在E读中查询图书 在五车中查询图书 在当当中查询图书 在豆瓣中查询图书


正题名:算法分析导论     索取号:TP301.6/1045         预约/预借

序号 登录号 条形码 馆藏地/架位号 状态 备注
1 1207908   212079089   第二样本阅览室/ [索取号:TP301.6/1045] 在馆    
2 1207909   212079098   第三借阅区/ [索取号:TP301.6/1045] 在馆    
3 1207910   212079105   第三借阅区/ [索取号:TP301.6/1045] 在馆    
唐山师范学院图书馆 欢迎您!
大连网信软件有限公司© 版权所有